Normal view
MARC view
Entry Personal Name
001 - CONTROL NUMBER
- control field: 88973
003 - CONTROL NUMBER IDENTIFIER
- control field: dpl
005 - DATE AND TIME OF LATEST TRANSACTION
- control field: 20260421120210.0
008 - FIXED-LENGTH DATA ELEMENTS
- fixed length control field: 260421|| aca||aabn | a|a d
040 ## - CATALOGING SOURCE
- Original cataloging agency: dpl
- Transcribing agency: dpl
100 ## - HEADING--PERSONAL NAME
- Personal name: Sumathi, P
670 ## - SOURCE DATA FOUND
- Source citation: Work cat.: (dpl)215961: Sumathi, P., Stree Management/, 2021
